| Tag |
First Indicator |
Second Indicator |
Subfields |
| LEADER |
00000cam a2200000 a 4500 |
| 001 |
in00000842521 |
| 005 |
20151019051852.0 |
| 008 |
830701s1983 dcuab f00000 eng d |
| 010 |
|
|
|a gp 83019422
|
| 035 |
|
|
|a (OCoLC)09663899
|
| 035 |
|
|
|9 ADZ5376AM
|
| 040 |
|
|
|a GPO
|c GPO
|d MvI-ran
|d UtOrBLW
|
| 043 |
|
|
|a n-us-nv
|
| 074 |
|
|
|a 612-C
|
| 086 |
0 |
|
|a I 49.44/2:R 82/2
|
| 088 |
|
|
|a RF 14570-9
|
| 245 |
0 |
0 |
|a Fishing & boating, Ruby Lake National Wildlife Refuge, Nevada.
|
| 264 |
|
1 |
|a [Washington, D.C.?] :
|b Dept. of the Interior, U.S. Fish and Wildlife Service,
|c [1983]
|
| 300 |
|
|
|a 1 folded sheet (8 pages) :
|b illustrations, 1 map ;
|c 23 cm.
|
| 336 |
|
|
|a text
|b txt
|2 rdacontent
|
| 337 |
|
|
|a unmediated
|b n
|2 rdamedia
|
| 338 |
|
|
|a sheet
|b nb
|2 rdacarrier
|
| 500 |
|
|
|a "April, 1983"--P. [8]
|
| 500 |
|
|
|a "RF14570-9"--P. [8]
|
| 650 |
|
0 |
|a Boats and boating
|z Nevada
|z Ruby Lake National Wildlife Refuge.
|
| 650 |
|
0 |
|a Fishing
|z Nevada
|z Ruby Lake National Wildlife Refuge.
|
| 651 |
|
0 |
|a Ruby Lake National Wildlife Refuge (Nev.)
|
| 710 |
2 |
|
|a U.S. Fish and Wildlife Service.
|
| 740 |
0 |
|
|a Fishing and boating, Ruby Lake National Wildlife Refuge, Nevada.
|
| 999 |
|
|
|a MARS
|
| 999 |
f |
f |
|s 52690699-10c6-33ee-8350-030175139700
|i 68fb550b-fee8-3c17-a48d-a92050ffe6d1
|t 0
|
| 952 |
f |
f |
|p normal
|a Texas A&M University
|b College Station
|c Sterling C. Evans Library
|d Evans: Maps (2nd floor)
|t 0
|e G4352.R8 1983 .U5
|h Library of Congress classification
|i unmediated -- sheet
|m A14824869229
|
| 998 |
f |
f |
|a G4352.R8 1983 .U5
|t 0
|l Evans: Maps (2nd floor)
|